[Event "ARG-ch sf Cup"]
[Site "Villaguay/Entre Rios"]
[Date "2018.12.16"]
[Round "6.17"]
[White "Cena, Mario"]
[Black "Zarate, Celeste"]
[Result "0-1"]
[WhiteElo "1279"]
[BlackElo "1609"]
[PlyCount "99"]
[EventDate "2018.12.14"]
[EventType "swiss"]
[EventRounds "6"]
[EventCountry "ARG"]
[SourceTitle "EXT 2024"]
[Source "ChessBase"]
[SourceDate "2023.10.10"]
[SourceVersion "1"]
[SourceVersionDate "2023.10.10"]
[SourceQuality "1"]

1. e4 e5 2. Nf3 Nc6 3. Bc4 Be7 4. c3 Nf6 5. d3 0-0 6. 0-0 d6 7. h3 Na5 8. Bb5 a6 9. Ba4 b5 10. Bc2 c5 11. b4 cxb4 12. cxb4 Nc6 13. a3 Bb7 14. Nbd2 a5 15. bxa5 Rxa5 16. Nb3 Ra6 17. d4 Qc7 18. d5 Na5 19. Nxa5 Rxa5 20. Bd2 Ra7 21. Bb4 Qd7 22. Rc1 Bd8 23. Qe2 Ba6 24. Bd3 Be7 25. Rc2 Nxe4 26. Nxe5 dxe5 27. Qxe4 f5 28. Qxe5 Bxb4 29. axb4 g6 30. Rfc1 Qg7 31. Qxg7+ Kxg7 32. Rc7+ Rf7 33. d6 Kf6 34. Rxf7+ Rxf7 35. Rc7 Rf8 36. Ra7 Bc8 37. Bxb5 Be6 38. f4 Rb8 39. d7 Ke7 40. d8Q+ Kxd8 41. Be2 Rxb4 42. Rxh7 Rxf4 43. Rg7 Ke8 44. Rxg6 Kf7 45. Bh5 Rh4 46. Rg5+ Kf6 47. Rg6+ Ke5 48. Rg5 Kf4 49. g3+ Kxg5 50. g4 0-1